[Event "Europa ch s-14"]
[Site "Herceg Novi MNT"]
[Date "2008.09.15"]
[Round "1.1"]
[White "Bukavshin, Ivan"]
[Black "Wertjanz, David"]
[Result "1-0"]
[WhiteElo "2350"]
[BlackElo "2010"]
[PlyCount "63"]
[EventDate "2008.09.15"]
[EventType "swiss"]
[EventRounds "9"]
[Source "lmi"]
[SourceDate "2008.09.15"]

1. e4 c5 2. Nf3 d6 3. d4 cxd4 4. Nxd4 Nf6 5. Nc3 a6 6. h3 e6 7. g4 b5 8. Bg2
Bb7 9. O-O Nfd7 10. a3 Nc6 11. Nde2 Be7 12. f4 Qb6+ 13. Kh1 O-O 14. g5 a5 15.
Ng3 b4 16. Nce2 Qd8 17. h4 f6 18. Be3 g6 19. Qd3 fxg5 20. hxg5 e5 21. f5 Bxg5
22. fxg6 hxg6 23. Qxd6 Bxe3 24. Qxg6+ Kh8 25. Qh5+ Kg8 26. Bh3 Qg5 27. Be6+ Kg7
28. Rf7+ Rxf7 29. Qxf7+ Kh8 30. Kg2 Qf6 31. Rh1+ Bh6 32. Qxf6+ 1-0

[Event "Europa ch s-14"]
[Site "Herceg Novi MNT"]
[Date "2008.09.15"]
[Round "1.3"]
[White "Fedoseev, Vladimir"]
[Black "Rindlisbacher, Jan"]
[Result "1/2-1/2"]
[WhiteElo "2321"]
[BlackElo "1999"]
[PlyCount "97"]
[EventDate "2008.09.15"]
[EventType "swiss"]
[EventRounds "9"]
[Source "lmi"]
[SourceDate "2008.09.15"]

1. e4 e5 2. Nf3 Nc6 3. Bb5 a6 4. Ba4 Nf6 5. O-O Be7 6. Re1 b5 7. Bb3 O-O 8. d4
Nxd4 9. Bxf7+ Rxf7 10. Nxe5 Rf8 11. Qxd4 Bb7 12. Nc3 c5 13. Qd1 Qc7 14. Nd3 b4
15. Bf4 d6 16. Nd5 Nxd5 17. exd5 c4 18. Nc5 Qxc5 19. Rxe7 Rxf4 20. Rxb7 Rxf2
21. Kh1 Raf8 22. h3 Qe3 23. Qg1 Qg3 24. Rxb4 R8f4 25. Rb8+ Kf7 26. Rb7+ Kg6 27.
Re1 Kh6 28. Rbe7 g6 29. R7e2 a5 30. c3 R4f3 31. Rxf2 Rxf2 32. Re4 Kg7 33. Re1
h5 34. Re4 Rxb2 35. Re7+ Kf8 36. Re3 Qg5 37. Qf1+ Kg7 38. Re8 Qf5 39. Re7+ Kf6
40. Re6+ Kg7 41. Qxf5 gxf5 42. Rxd6 Rxa2 43. Ra6 Rc2 44. Rxa5 Rxc3 45. d6 Rd3
46. Ra7+ Kf8 47. d7 Rd1+ 48. Kh2 h4 49. Rb7 1/2-1/2

[Event "Europa ch s-14"]
[Site "Herceg Novi MNT"]
[Date "2008.09.15"]
[Round "1.4"]
[White "Draskovic, Luka"]
[Black "Kovalev, Vladislav"]
[Result "0-1"]
[WhiteElo "1988"]
[BlackElo "2315"]
[PlyCount "69"]
[EventDate "2008.09.15"]
[EventType "swiss"]
[EventRounds "9"]
[Source "lmi"]
[SourceDate "2008.09.15"]

1. e4 c5 2. Nf3 Nc6 3. d4 cxd4 4. Nxd4 Nf6 5. Nc3 e5 6. Ndb5 d6 7. Bg5 a6 8.
Na3 b5 9. Bxf6 gxf6 10. Nd5 Bg7 11. c3 f5 12. exf5 Bxf5 13. Nc2 O-O 14. Nce3
Be6 15. Bd3 f5 16. Qh5 e4 17. Bc2 Ne7 18. Rd1 Ng6 19. g3 f4 20. gxf4 Nxf4 21.
Nxf4 Rxf4 22. Bb3 Bxb3 23. axb3 b4 24. Nd5 Rf7 25. Nxb4 Qf6 26. O-O Raf8 27.
Nd5 Qe6 28. Ne3 Be5 29. Ng4 Rg7 30. h3 Rf5 31. Qh4 h5 32. Kh1 hxg4 33. Rg1 Rfg5
34. Rxg4 Rxg4 35. hxg4 0-1

[Event "Europa ch s-14"]
[Site "Herceg Novi MNT"]
[Date "2008.09.15"]
[Round "1.5"]
[White "Dragun, Kamil"]
[Black "Stoyanov, Ivaylo"]
[Result "1/2-1/2"]
[WhiteElo "2240"]
[BlackElo "1978"]
[PlyCount "114"]
[EventDate "2008.09.15"]
[EventType "swiss"]
[EventRounds "9"]
[Source "lmi"]
[SourceDate "2008.09.15"]

1. e4 c5 2. Nf3 Nc6 3. d4 cxd4 4. Nxd4 Qb6 5. Nb3 Nf6 6. Nc3 e6 7. Be3 Qc7 8.
Bd3 d6 9. O-O Be7 10. f4 a6 11. Qf3 Nd7 12. Rae1 b5 13. Ne2 Bb7 14. Ned4 O-O
15. Qh3 Rfe8 16. Nxc6 Bxc6 17. Nd4 Nc5 18. Nxc6 Qxc6 19. f5 Nxd3 20. cxd3 Bf6
21. Rf2 d5 22. Rc1 Qb7 23. e5 Bxe5 24. f6 Rac8 25. Rcf1 Bxf6 26. Qg4 Kh8 27.
Rf3 Rc2 28. d4 Qc6 29. Rh3 Rxb2 30. Rg3 e5 31. dxe5 Bxe5 32. Bd4 Qg6 33. Bxb2
Bxg3 34. Qxg3 Qxg3 35. hxg3 f6 36. Kf2 Kg8 37. Rc1 Re4 38. Rc3 a5 39. Rb3 b4
40. Rd3 Rc4 41. Ke3 Rc5 42. Rd2 Kf7 43. Kd4 Rc8 44. Re2 Kg6 45. Kxd5 Kf5 46.
Bd4 Kg4 47. Bf2 f5 48. Kd4 a4 49. Rb2 b3 50. axb3 axb3 51. Rxb3 Rc2 52. Rf3 g5
53. Ke5 Re2+ 54. Kf6 f4 55. gxf4 gxf4 56. Kg7 h5 57. Kf6 h4 1/2-1/2

[Event "Europa ch s-14"]
[Site "Herceg Novi MNT"]
[Date "2008.09.15"]
[Round "1.6"]
[White "Van Der Lende, Ilias"]
[Black "Kezin, Roman"]
[Result "0-1"]
[WhiteElo "1978"]
[BlackElo "2235"]
[PlyCount "78"]
[EventDate "2008.09.15"]
[EventType "swiss"]
[EventRounds "9"]
[Source "lmi"]
[SourceDate "2008.09.15"]

1. e4 c5 2. c3 e6 3. d4 d5 4. exd5 exd5 5. Nf3 Nf6 6. Bg5 Nc6 7. dxc5 Bxc5 8.
Nbd2 O-O 9. Be2 Qb6 10. O-O Ne4 11. Nxe4 dxe4 12. Nd2 e3 13. b4 exf2+ 14. Kh1
Be7 15. Bxe7 Nxe7 16. Nc4 Qf6 17. Qd6 Be6 18. Qg3 Nf5 19. Qf3 Rac8 20. Rxf2
Bxc4 21. Bxc4 Rxc4 22. Qxf5 Qxc3 23. Rd1 Qxb4 24. h3 Rc7 25. Rf4 Qb2 26. Rdd4
Qxa2 27. Rh4 Qc2 28. Qe5 Qc5 29. Qe4 g6 30. Rd5 Qc3 31. Rd4 Qc6 32. Qd3 Re7 33.
Qd2 Rfe8 34. Rc4 Qb6 35. Rc1 Re2 36. Qd4 Re1+ 37. Rxe1 Rxe1+ 38. Kh2 Qxd4 39.
Rxd4 Re7 0-1

[Event "Europa ch s-14"]
[Site "Herceg Novi MNT"]
[Date "2008.09.15"]
[Round "1.7"]
[White "Wieczorek, Oskar"]
[Black "Ostovic, Matija"]
[Result "1-0"]
[WhiteElo "2232"]
[BlackElo "1976"]
[PlyCount "54"]
[EventDate "2008.09.15"]
[EventType "swiss"]
[EventRounds "9"]
[Source "lmi"]
[SourceDate "2008.09.15"]

1. e4 c5 2. Nf3 g6 3. d4 cxd4 4. Qxd4 Nf6 5. e5 Nc6 6. Qa4 Nd5 7. Qe4 Ndb4 8.
c3 d5 9. Qe2 Na6 10. g3 Nc7 11. Nd4 Bg7 12. Bf4 Ne6 13. Nxe6 Bxe6 14. Nd2 h6
15. h4 d4 16. Bg2 Bd5 17. Nf3 Qa5 18. O-O dxc3 19. bxc3 Qxc3 20. Rfc1 Qa3 21.
Rab1 O-O 22. Rxb7 Nb4 23. Rxe7 Bxa2 24. Nd4 Nd5 25. Bxd5 Bxd5 26. Rd7 Rfd8 27.
e6 Bxd4 1-0

[Event "Europa ch s-14"]
[Site "Herceg Novi MNT"]
[Date "2008.09.15"]
[Round "1.8"]
[White "Blazeka, Matej"]
[Black "Moiseenko, Vadim"]
[Result "0-1"]
[WhiteElo "1970"]
[BlackElo "2225"]
[PlyCount "58"]
[EventDate "2008.09.15"]
[EventType "swiss"]
[EventRounds "9"]
[Source "lmi"]
[SourceDate "2008.09.15"]

1. e4 c5 2. Nf3 d6 3. d4 cxd4 4. Nxd4 Nf6 5. Nc3 a6 6. Be3 e5 7. Nb3 Be6 8. Be2
Be7 9. O-O O-O 10. Qd2 b5 11. a3 Nbd7 12. f4 exf4 13. Bxf4 Ne5 14. Nd4 Qd7 15.
Rad1 Rfe8 16. Qe3 Rac8 17. Qg3 Ng6 18. Nxe6 Qxe6 19. Bf3 Nxf4 20. Qxf4 Qe5 21.
Qd2 h6 22. Kh1 Rc4 23. Rde1 Bd8 24. Nd1 Bc7 25. Ne3 Rd4 26. Qc3 d5 27. g3 Nxe4
28. Qc6 Nxg3+ 29. hxg3 Rh4+ 0-1

[Event "Europa ch s-14"]
[Site "Herceg Novi MNT"]
[Date "2008.09.15"]
[Round "1.9"]
[White "Sochacki, Christophe"]
[Black "Pop, Alexandru"]
[Result "1-0"]
[WhiteElo "2221"]
[BlackElo "1966"]
[PlyCount "47"]
[EventDate "2008.09.15"]
[EventType "swiss"]
[EventRounds "9"]
[Source "lmi"]
[SourceDate "2008.09.15"]

1. e4 c5 2. Nf3 Nc6 3. d4 cxd4 4. Nxd4 g6 5. Nc3 Bg7 6. Be3 Nf6 7. Nxc6 bxc6 8.
e5 Nd5 9. Nxd5 cxd5 10. Qxd5 Rb8 11. Bc4 O-O 12. Bxa7 Bb7 13. Qb5 Bxg2 14. Qxb8
Qxb8 15. Bxb8 Bxh1 16. Ba7 Bxe5 17. O-O-O Bc6 18. h3 d6 19. b4 Rc8 20. b5 Bf3
21. Bd5 Bf4+ 22. Be3 Bxe3+ 23. fxe3 Bxd1 24. Kxd1 1-0

[Event "Europa ch s-14"]
[Site "Herceg Novi MNT"]
[Date "2008.09.15"]
[Round "1.10"]
[White "Eranyan, Khachatur"]
[Black "Danilenko, Dmitriy"]
[Result "1-0"]
[WhiteElo "1963"]
[BlackElo "2209"]
[PlyCount "75"]
[EventDate "2008.09.15"]
[EventType "swiss"]
[EventRounds "9"]
[Source "lmi"]
[SourceDate "2008.09.15"]

1. d4 f5 2. Nc3 d5 3. Bg5 g6 4. h4 Nh6 5. h5 Nf7 6. Nf3 Bg7 7. hxg6 hxg6 8.
Rxh8+ Bxh8 9. Qd2 c6 10. O-O-O Nd7 11. Qf4 Nf8 12. Qh4 Qd6 13. e3 b5 14. Bf4
Qf6 15. Qh2 Qe6 16. Bxb5 cxb5 17. Nxb5 Qc6 18. Nc7+ Kd7 19. Nxa8 Qxa8 20. Rd3
Bf6 21. Be5 Bb7 22. Rc3 Bc6 23. Rb3 Bb7 24. Bxf6 exf6 25. Ne1 Ne6 26. Qh7 Ke7
27. Qxg6 Bc6 28. Qxf5 Bd7 29. Qh5 Ng7 30. Qh2 Qc6 31. Qb8 Qa6 32. Nd3 Qxa2 33.
Ra3 Qc4 34. Rxa7 Ne6 35. Qb7 Nf8 36. b3 Qc3 37. Nc5 Nd6 38. Qxd5 1-0

[Event "Europa ch s-14"]
[Site "Herceg Novi MNT"]
[Date "2008.09.15"]
[Round "1.11"]
[White "Pardo Simon, David"]
[Black "Ochsner, Bjorn Moller"]
[Result "0-1"]
[WhiteElo "2204"]
[BlackElo "1963"]
[PlyCount "90"]
[EventDate "2008.09.15"]
[EventType "swiss"]
[EventRounds "9"]
[Source "lmi"]
[SourceDate "2008.09.15"]

1. e4 c5 2. Nf3 d6 3. d4 cxd4 4. Qxd4 Nc6 5. Bb5 Bd7 6. Bxc6 Bxc6 7. Nc3 Nf6 8.
Bg5 e6 9. O-O-O Be7 10. Qd3 a6 11. Nd4 Rc8 12. f4 O-O 13. f5 Ng4 14. Bxe7 Qxe7
15. Qg3 Nf6 16. Qf3 Nd7 17. h4 b5 18. a3 Bb7 19. Qh3 e5 20. f6 Nxf6 21. Nf5 Qc7
22. Nxd6 Nxe4 23. Nxc8 Nf2 24. Qf5 Nxd1 25. Rxd1 Bxc8 26. Nd5 Bxf5 27. Nxc7 Rc8
28. c3 g5 29. Nxa6 gxh4 30. Rd5 f6 31. Rxb5 Be4 32. Rb4 f5 33. Kd2 Kg7 34. Ke2
Kf6 35. Nb8 Bxg2 36. Nd7+ Ke6 37. Nb6 h3 38. Rh4 Rc6 39. Kf2 Rxb6 40. Rh6+ Kd5
41. Rxb6 e4 42. Rh6 f4 43. Rh4 e3+ 44. Ke2 Ke4 45. c4 h2 0-1

[Event "Europa ch s-14"]
[Site "Herceg Novi MNT"]
[Date "2008.09.15"]
[Round "1.12"]
[White "Golikov, Sergej"]
[Black "Bajarani, Ulvi"]
[Result "0-1"]
[WhiteElo "1962"]
[BlackElo "2202"]
[PlyCount "100"]
[EventDate "2008.09.15"]
[EventType "swiss"]
[EventRounds "9"]
[Source "lmi"]
[SourceDate "2008.09.15"]

1. e4 e6 2. d4 d5 3. Nc3 Nf6 4. e5 Nfd7 5. f4 c5 6. Nf3 Nc6 7. Be3 Be7 8. Qd2
O-O 9. O-O-O c4 10. g4 Qa5 11. Kb1 b5 12. Qg2 Rb8 13. f5 b4 14. Ne2 b3 15. cxb3
cxb3 16. Nc1 bxa2+ 17. Nxa2 Ba6 18. Bxa6 Qxa6 19. Ng5 Rb3 20. f6 Rxe3 21. Qc2
g6 22. fxe7 Nxe7 23. Rhe1 Rxe1 24. Rxe1 h6 25. Nf3 Rb8 26. Qd2 Nb6 27. Nb4 Qa4
28. Nd3 Qb5 29. Rd1 Nc4 30. Qc3 Qa4 31. Re1 Na3+ 32. Kc1 Nb5 33. Qc2 Rc8 34.
Nc5 Qb4 35. Qd2 Qxd2+ 36. Kxd2 Nxd4 37. Nxd4 Rxc5 38. Ra1 Rc7 39. b4 g5 40. Ra4
Rc4 41. Kd3 Ng6 42. Nf3 Rxg4 43. Nd4 Nxe5+ 44. Kc3 Re4 45. Rxa7 Re3+ 46. Kc2
Rh3 47. b5 Nc4 48. Rc7 e5 49. Nb3 Na3+ 50. Kd2 Rxb3 0-1

[Event "Europa ch s-14"]
[Site "Herceg Novi MNT"]
[Date "2008.09.15"]
[Round "1.13"]
[White "Mokhov, Vladimir"]
[Black "Jovancevic, Jovan"]
[Result "1/2-1/2"]
[WhiteElo "2201"]
[BlackElo "1951"]
[PlyCount "85"]
[EventDate "2008.09.15"]
[EventType "swiss"]
[EventRounds "9"]
[Source "lmi"]
[SourceDate "2008.09.15"]

1. e4 c5 2. Nc3 d6 3. f4 e6 4. Nf3 Nf6 5. g3 Be7 6. Bg2 Nc6 7. O-O O-O 8. d3
Rb8 9. h3 b5 10. Be3 Bd7 11. g4 b4 12. Ne2 Qc7 13. Qc1 c4 14. f5 cxd3 15. cxd3
b3 16. Nfd4 Nb4 17. Nxb3 Nxd3 18. Qd2 Bb5 19. Ned4 Nc5 20. Nxb5 Rxb5 21. Qc3
Rc8 22. Nxc5 dxc5 23. g5 Nh5 24. Rf2 exf5 25. exf5 Bd6 26. Bf1 Rbb8 27. g6 Rxb2
28. gxf7+ Kf8 29. Qxb2 Be5 30. Qe2 Bxa1 31. Bg2 Qxf7 32. Qg4 Nf6 33. Qg3 Bd4
34. Bxd4 cxd4 35. Qd6+ Qe7 36. Qxd4 Qc5 37. Qa4 a5 38. Bf3 Qxf5 39. Bg4 Qb1+
40. Kg2 Qb7+ 41. Bf3 Qc7 42. Re2 Qc5 43. Qf4 1/2-1/2

[Event "Europa ch s-14"]
[Site "Herceg Novi MNT"]
[Date "2008.09.15"]
[Round "1.14"]
[White "Siclovan, Cristian-Danut"]
[Black "Galopoulos, Panagiotis"]
[Result "1/2-1/2"]
[WhiteElo "1946"]
[BlackElo "2200"]
[PlyCount "68"]
[EventDate "2008.09.15"]
[EventType "swiss"]
[EventRounds "9"]
[Source "lmi"]
[SourceDate "2008.09.15"]

1. e4 c5 2. c3 Nf6 3. e5 Nd5 4. d4 cxd4 5. Nf3 Nc6 6. cxd4 d6 7. exd6 Qxd6 8.
Nc3 Bg4 9. Be2 e6 10. O-O a6 11. Be3 Be7 12. Qb3 Nc7 13. Rac1 Qb4 14. Qc2 O-O
15. a3 Qa5 16. Qb3 Rab8 17. h3 Bh5 18. Rfd1 Rfd8 19. g4 Bg6 20. Nd2 b5 21. d5
exd5 22. Nxd5 Nxd5 23. Rxc6 Nxe3 24. Qxe3 Bf6 25. b4 Qa4 26. g5 Re8 27. Qg3 Be5
28. Qf3 Rbd8 29. Nf1 Bd4 30. Ng3 a5 31. Ra6 Qc2 32. Rc6 Qa4 33. Ra6 Qc2 34. Rc6
Qa4 1/2-1/2

[Event "Europa ch s-14"]
[Site "Herceg Novi MNT"]
[Date "2008.09.15"]
[Round "1.15"]
[White "Tilicheev, Viacheslav"]
[Black "Admiraal, Miguoel"]
[Result "1-0"]
[WhiteElo "2189"]
[BlackElo "1944"]
[PlyCount "59"]
[EventDate "2008.09.15"]
[EventType "swiss"]
[EventRounds "9"]
[Source "lmi"]
[SourceDate "2008.09.15"]

1. e4 c5 2. Nf3 e6 3. d4 cxd4 4. Nxd4 Nc6 5. Nc3 Qc7 6. Be2 a6 7. Be3 Nf6 8.
O-O Bb4 9. Na4 Be7 10. Nxc6 bxc6 11. Bd3 c5 12. c4 Bb7 13. Nc3 d6 14. f4 Nd7
15. Qg4 g5 16. Qh5 gxf4 17. Bxf4 Nf6 18. Qf3 Nd7 19. Bg3 Rf8 20. Qh5 O-O-O 21.
Rxf7 Bf6 22. Rf1 Qc6 23. Kh1 Rxf7 24. Qxf7 Bxc3 25. bxc3 d5 26. exd5 exd5 27.
cxd5 Qxd5 28. Qxd5 Bxd5 29. Bxa6+ Bb7 30. Bc4 1-0

[Event "Europa ch s-14"]
[Site "Herceg Novi MNT"]
[Date "2008.09.15"]
[Round "1.16"]
[White "Pecurica, Milos"]
[Black "Vasilov, Artur"]
[Result "1-0"]
[WhiteElo "1942"]
[BlackElo "2187"]
[PlyCount "90"]
[EventDate "2008.09.15"]
[EventType "swiss"]
[EventRounds "9"]
[Source "lmi"]
[SourceDate "2008.09.15"]

1. d4 Nf6 2. c4 e6 3. Nf3 b6 4. a3 Bb7 5. Nc3 Be7 6. d5 exd5 7. cxd5 O-O 8. e4
Re8 9. Bd3 a5 10. O-O d6 11. Nd4 Ba6 12. Re1 Nfd7 13. Bxa6 Nxa6 14. Nc6 Qc8 15.
Nxe7+ Rxe7 16. Bg5 f6 17. Be3 Nac5 18. Bxc5 bxc5 19. Rb1 Rb8 20. Qa4 Qa6 21.
Re3 Nb6 22. Qc6 Qb7 23. Qb5 Qa8 24. Na4 Nxd5 25. Qc4 c6 26. Rd3 Rbe8 27. f3 Re5
28. Nc3 Qc8 29. exd5 cxd5 30. Nxd5 Qe6 31. Re3 Kf8 32. Rbe1 Qf5 33. Rxe5 Rxe5
34. Rxe5 fxe5 35. Qe4 Qg5 36. Ne3 g6 37. Kf2 Qd8 38. g3 Qb8 39. Nc4 Kf7 40.
Qd5+ Ke7 41. Qd2 a4 42. Qa5 Qf8 43. Qc7+ Ke6 44. Qxh7 Qe8 45. Qc7 Qf8 1-0

[Event "Europa ch s-14"]
[Site "Herceg Novi MNT"]
[Date "2008.09.15"]
[Round "1.17"]
[White "Dimitrijevic, Radmilo"]
[Black "Havas, Janko"]
[Result "0-1"]
[WhiteElo "2186"]
[BlackElo "1930"]
[PlyCount "78"]
[EventDate "2008.09.15"]
[EventType "swiss"]
[EventRounds "9"]
[Source "lmi"]
[SourceDate "2008.09.15"]

1. e4 c5 2. Nc3 Nc6 3. f4 g6 4. g3 Bg7 5. Bg2 Rb8 6. Nf3 d6 7. O-O b5 8. d3 e6
9. f5 b4 10. fxe6 Bxe6 11. Ne2 h6 12. Nf4 Bg4 13. h3 Bxf3 14. Qxf3 Ne5 15. Qf2
Ne7 16. Be3 O-O 17. Qd2 Kh7 18. Rf2 N7c6 19. Raf1 Ne7 20. Ra1 a5 21. Raf1 a4
22. Ne2 Qe8 23. g4 N7c6 24. Nf4 Ne7 25. Qe2 N5c6 26. Qd2 Ne5 27. c3 a3 28. b3
bxc3 29. Qc2 N5c6 30. Bc1 Bd4 31. Kh1 Nb4 32. Qd1 Bxf2 33. Rxf2 Nec6 34. Bxa3
Ra8 35. Bc1 Rxa2 36. Rxa2 Nxa2 37. Nd5 Qe6 38. Bf4 Ncb4 39. Nxb4 Nxb4 0-1

[Event "Europa ch s-14"]
[Site "Herceg Novi MNT"]
[Date "2008.09.15"]
[Round "1.18"]
[White "Shikhta, Vladislav"]
[Black "Pasiev, Rakhim"]
[Result "0-1"]
[WhiteElo "1929"]
[BlackElo "2178"]
[PlyCount "52"]
[EventDate "2008.09.15"]
[EventType "swiss"]
[EventRounds "9"]
[Source "lmi"]
[SourceDate "2008.09.15"]

1. e4 c5 2. Nc3 Nc6 3. g3 Rb8 4. Bg2 b5 5. d3 b4 6. Nce2 e6 7. f4 d5 8. Nf3
dxe4 9. dxe4 Qxd1+ 10. Kxd1 Nf6 11. e5 Nd5 12. Bd2 Be7 13. Ke1 O-O 14. Kf2 c4
15. g4 Bc5+ 16. Kg3 Ba6 17. c3 bxc3 18. bxc3 Rb2 19. Rhb1 Rfb8 20. Rxb2 Rxb2
21. Rd1 Rxa2 22. Nfd4 Nxd4 23. Nxd4 Bxd4 24. cxd4 c3 25. Bxd5 Rxd2 26. Rxd2
cxd2 0-1

[Event "Europa ch s-14"]
[Site "Herceg Novi MNT"]
[Date "2008.09.15"]
[Round "1.19"]
[White "Meskovs, Nikita"]
[Black "Havas, Juraj"]
[Result "1-0"]
[WhiteElo "2177"]
[BlackElo "1926"]
[PlyCount "79"]
[EventDate "2008.09.15"]
[EventType "swiss"]
[EventRounds "9"]
[Source "lmi"]
[SourceDate "2008.09.15"]

1. d4 Nf6 2. c4 g6 3. Nc3 Bg7 4. e4 d6 5. Nf3 O-O 6. h3 e5 7. d5 a5 8. Bg5 Na6
9. g4 Nc5 10. Nd2 c6 11. Qf3 Bd7 12. Be2 Rb8 13. b3 b5 14. dxc6 Bxc6 15. cxb5
Bb7 16. Bc4 Ne6 17. Be3 Nd4 18. Bxd4 exd4 19. Nd5 Nxd5 20. exd5 Qe7+ 21. Kf1 f5
22. Re1 Be5 23. h4 fxg4 24. Qxg4 Bc8 25. Qg5 Qf7 26. Ne4 Bf5 27. Qg2 Bxe4 28.
Rxe4 Qf3 29. Rh3 Qxg2+ 30. Kxg2 Rf6 31. Rf3 Rxf3 32. Kxf3 Rf8+ 33. Ke2 h6 34.
Rg4 Kg7 35. Bd3 Rf6 36. Bxg6 Rf8 37. Be4+ Kh8 38. Rg6 Bf4 39. Kd3 Rb8 40. a4
1-0

[Event "Europa ch s-14"]
[Site "Herceg Novi MNT"]
[Date "2008.09.15"]
[Round "1.20"]
[White "Levine, Yonatan"]
[Black "Juhasz, Kristof"]
[Result "0-1"]
[WhiteElo "1922"]
[BlackElo "2175"]
[PlyCount "42"]
[EventDate "2008.09.15"]
[EventType "swiss"]
[EventRounds "9"]
[Source "lmi"]
[SourceDate "2008.09.15"]

1. e4 e6 2. d3 d5 3. Nd2 Nf6 4. Ngf3 Nc6 5. g3 dxe4 6. dxe4 Bc5 7. Bh3 O-O 8.
e5 Nd7 9. Qe2 b6 10. a3 Bb7 11. Rf1 Bd4 12. Ne4 Ndxe5 13. Nxe5 Bxe5 14. Bg5 Qe8
15. O-O-O Nd4 16. Rxd4 Bxd4 17. c3 Bxe4 18. Qxe4 Qb5 19. Bf4 Bf6 20. Re1 Qd5
21. Qb1 Bg5 0-1

[Event "Europa ch s-14"]
[Site "Herceg Novi MNT"]
[Date "2008.09.15"]
[Round "1.22"]
[White "Bernotas, Arturs"]
[Black "Sanchez Ibern, Marc"]
[Result "1/2-1/2"]
[WhiteElo "1911"]
[BlackElo "2161"]
[PlyCount "80"]
[EventDate "2008.09.15"]
[EventType "swiss"]
[EventRounds "9"]
[Source "lmi"]
[SourceDate "2008.09.15"]

1. e4 c5 2. c3 d5 3. exd5 Qxd5 4. d4 Nf6 5. Nf3 Nc6 6. Be2 cxd4 7. cxd4 e6 8.
Nc3 Qd6 9. O-O Be7 10. Be3 O-O 11. a3 a6 12. Rc1 b5 13. Ng5 Bb7 14. Nge4 Nxe4
15. Nxe4 Qd8 16. Nc5 Bxc5 17. dxc5 Qf6 18. Bf3 Rfd8 19. Qe2 Rd7 20. Rfd1 Rad8
21. b4 h6 22. h3 Kh8 23. Rxd7 Rxd7 24. Rd1 Qd8 25. Rxd7 Qxd7 26. Qd2 Qxd2 27.
Bxd2 Nd8 28. Bxb7 Nxb7 29. f4 Nd8 30. Kf2 Kg8 31. Bc3 Nc6 32. Ke3 f6 33. Ke4
Kf7 34. g4 g6 35. h4 h5 36. g5 fxg5 37. fxg5 Ke7 38. Bf6+ Kd7 39. Bc3 Ke7 40.
Bf6+ Kd7 1/2-1/2

[Event "Europa ch s-14"]
[Site "Herceg Novi MNT"]
[Date "2008.09.15"]
[Round "1.23"]
[White "Feher, Adam"]
[Black "Martinho, Filipe Mesquita Alv"]
[Result "1-0"]
[WhiteElo "2160"]
[BlackElo "1907"]
[PlyCount "59"]
[EventDate "2008.09.15"]
[EventType "swiss"]
[EventRounds "9"]
[Source "lmi"]
[SourceDate "2008.09.15"]

1. e4 c5 2. Nf3 Nc6 3. d4 cxd4 4. Nxd4 g6 5. c4 Bg7 6. Be3 d6 7. Nc3 Nh6 8. Be2
O-O 9. Qd2 Ng4 10. Bxg4 Bxg4 11. O-O Rc8 12. b3 Qa5 13. Rac1 Bd7 14. Rfd1 f5
15. exf5 gxf5 16. Nxc6 bxc6 17. Bh6 Qe5 18. Re1 Bxh6 19. Qxh6 Qf6 20. Qxf6 exf6
21. Red1 d5 22. cxd5 c5 23. Ne2 Rfe8 24. Nf4 Re4 25. g3 Kf7 26. f3 Re5 27. Rc3
Ke7 28. Kf2 Be8 29. Rdc1 Kd6 30. b4 1-0

[Event "Europa ch s-14"]
[Site "Herceg Novi MNT"]
[Date "2008.09.15"]
[Round "1.25"]
[White "Hager, Joshua Aarash"]
[Black "Makhmutov, Rail"]
[Result "1-0"]
[WhiteElo "2128"]
[BlackElo "1904"]
[PlyCount "101"]
[EventDate "2008.09.15"]
[EventType "swiss"]
[EventRounds "9"]
[Source "lmi"]
[SourceDate "2008.09.15"]

1. e4 c5 2. Nf3 Nc6 3. d4 cxd4 4. Nxd4 Nf6 5. Nc3 e5 6. Ndb5 d6 7. Bg5 a6 8.
Na3 b5 9. Nd5 Be7 10. Bxf6 Bxf6 11. c4 b4 12. Nc2 a5 13. Qf3 Bg5 14. Rd1 Be6
15. h4 Bxh4 16. c5 Rb8 17. cxd6 Bxd5 18. Rxd5 Bf6 19. Bb5 Rb6 20. Qh3 Kf8 21.
O-O h5 22. Rfd1 g6 23. Rc5 Na7 24. d7 Kg7 25. Ba4 Rb8 26. Ne3 Qb6 27. Rc2 Qb7
28. Nd5 Nb5 29. Bxb5 Qxb5 30. Nc7 Qb7 31. Ne8+ Rhxe8 32. dxe8=Q Rxe8 33. Rd5 a4
34. Qd7 Qa8 35. Rc7 Re7 36. Qc6 Qxc6 37. Rxc6 Bg5 38. g3 f6 39. Rb6 b3 40. axb3
axb3 41. Rxb3 Rc7 42. Rc3 Ra7 43. Rcd3 Kh6 44. b4 h4 45. b5 hxg3 46. Rxg3 Ra1+
47. Kg2 Bf4 48. Rb3 f5 49. b6 Ra8 50. b7 Rb8 51. Rc5 1-0

[Event "Europa ch s-14"]
[Site "Herceg Novi MNT"]
[Date "2008.09.15"]
[Round "1.26"]
[White "Malamatas, Konstantinos"]
[Black "Baboyan, Eduard"]
[Result "1/2-1/2"]
[WhiteElo "1897"]
[BlackElo "2125"]
[PlyCount "75"]
[EventDate "2008.09.15"]
[EventType "swiss"]
[EventRounds "9"]
[Source "lmi"]
[SourceDate "2008.09.15"]

1. e4 c5 2. Nf3 Nc6 3. d4 cxd4 4. Nxd4 d5 5. Nxc6 bxc6 6. exd5 Qxd5 7. Qxd5
cxd5 8. Nc3 e6 9. Bd3 Bb4 10. Bd2 Ne7 11. a3 Ba5 12. b4 Bb6 13. Nb5 O-O 14. c4
dxc4 15. Bxc4 Bb7 16. O-O Bd5 17. Be2 Nf5 18. Rac1 a5 19. Bg4 Nh4 20. Bh3 Ng6
21. Nc7 Bxc7 22. Rxc7 axb4 23. Bxb4 Rfb8 24. Bg4 Nf4 25. g3 Nd3 26. Be7 Rb2 27.
Rc3 Ne5 28. h3 f5 29. Bh5 Nc4 30. Rfc1 g6 31. Bd1 Nd2 32. Bf6 Rb7 33. Rc7 Rxc7
34. Rxc7 Rxa3 35. Rg7+ Kf8 36. Rxh7 Rd3 37. g4 Ne4 38. Rh8+ 1/2-1/2

[Event "Europa ch s-14"]
[Site "Herceg Novi MNT"]
[Date "2008.09.15"]
[Round "1.31"]
[White "Kotainy, Jens"]
[Black "Gouliaros-Antoniadis, Alexandro"]
[Result "1-0"]
[WhiteElo "2112"]
[BlackElo "1843"]
[PlyCount "47"]
[EventDate "2008.09.15"]
[EventType "swiss"]
[EventRounds "9"]
[Source "lmi"]
[SourceDate "2008.09.15"]

1. e4 c5 2. c3 Nf6 3. e5 Nd5 4. d4 cxd4 5. Nf3 e6 6. cxd4 d6 7. Bc4 Nc6 8. O-O
Be7 9. exd6 Bxd6 10. Nc3 Nxc3 11. bxc3 O-O 12. Re1 Qc7 13. Bd3 Na5 14. Qe2 Qxc3
15. Bd2 Qc7 16. Ng5 h6 17. Qh5 Nc6 18. Nh7 Rd8 19. Bxh6 Bxh2+ 20. Kh1 Bf4 21.
Nf6+ gxf6 22. Bh7+ Kh8 23. Bxf4 Rd5 24. Bf5+ 1-0

[Event "Europa ch s-14"]
[Site "Herceg Novi MNT"]
[Date "2008.09.16"]
[Round "2.1"]
[White "Andersen, Mads"]
[Black "Bukavshin, Ivan"]
[Result "1/2-1/2"]
[WhiteElo "2092"]
[BlackElo "2350"]
[PlyCount "100"]
[EventDate "2008.09.15"]
[EventType "swiss"]
[EventRounds "9"]
[Source "lmi"]
[SourceDate "2008.09.15"]

1. e4 e5 2. Nf3 Nc6 3. Bb5 a6 4. Ba4 Nf6 5. O-O Be7 6. Re1 b5 7. Bb3 d6 8. c3
O-O 9. h3 Nb8 10. d4 Nbd7 11. Nbd2 Bb7 12. Bc2 Re8 13. Nf1 g6 14. Ng3 Bf8 15.
b3 c6 16. Bg5 Bg7 17. Qd2 Qe7 18. dxe5 dxe5 19. Rad1 Nf8 20. Qd6 Ne6 21. Qxe7
Rxe7 22. Be3 c5 23. Ng5 Bf8 24. Rd2 Rc8 25. Nxe6 Rxe6 26. Red1 Be7 27. Bg5 Bc6
28. Bh6 Ne8 29. Be3 Kg7 30. f3 h6 31. Nf1 Bg5 32. Bxg5 hxg5 33. Ne3 Nf6 34. Kf2
Kf8 35. Ng4 Ke7 36. Nxf6 Rxf6 37. Kg3 Rf4 38. Rd6 Rf6 39. R6d2 a5 40. a3 Be8
41. Kg4 Rf4+ 42. Kg3 Rf6 43. Kg4 Rf4+ 44. Kg3 Bc6 45. Rd6 Rf6 46. R6d2 Ra8 47.
Kg4 Ra7 48. Kg3 b4 49. a4 bxc3 50. Rd3 Rc7 1/2-1/2